00422nam a2200157Ia 4500003000400000005001700004008004100021040000900062082001900071100002200090245002800112260003400140300001000174630001800184650006200202OSt20220525051531.0211122s9999||||xx |||||||||||||| ||und|| cSBCL a494.812bNAM-K aE V N, Namboodiri 0aKerala Bhashacharithram bCurrent BooksaKottayamc2010 a472p. xGeneral Stack alanguagevMalayalam Language 2Malayalam Language History